| 000 | 00505nam a2200157 a 4500 | ||
|---|---|---|---|
| 001 | 000031150 | ||
| 005 | 20200930062733.0 | ||
| 008 | 110614s20uu dr a 000 0 spa d | ||
| 040 |
_aDO-SdBNP _bspa _cBNPHU |
||
| 245 | 0 | 0 |
_aDominguez Asdrubal : _bCombates por el arte / _ctecto María Elena Ditrén, Laura Gil. |
| 260 |
_a[Santo Domingo] : _bEditora Amigo del Hogar, _c[200?]. |
||
| 300 |
_a81 p. : _bil. ; _c28 cm. |
||
| 700 | 1 |
_aDetrén, María Elena _957624 |
|
| 700 | 1 |
_aGil, Laura _957625 |
|
| 049 | _aBNPD | ||
| 999 |
_c30642 _d30642 |
||